Le Courrier des Pays de l'Est (Record no. 5481)

MARC details
000 -LEADER
fixed length control field 00495nas a22001937i 4500
001 - CONTROL NUMBER
control field 5730
003 - CONTROL NUMBER IDENTIFIER
control field OSt
005 - DATE AND TIME OF LATEST TRANSACTION
control field 20170126082349.0
007 - PHYSICAL DESCRIPTION FIXED FIELD--GENERAL INFORMATION
fixed length control field tu
008 - FIXED-LENGTH DATA ELEMENTS--GENERAL INFORMATION
fixed length control field 161220s xxu||||| |||| 00| 0 d
022 ## - INTERNATIONAL STANDARD SERIAL NUMBER
International Standard Serial Number 0590-0239
024 7# - OTHER STANDARD IDENTIFIER
Standard number or code 5730
Source of number or code RID
024 7# - OTHER STANDARD IDENTIFIER
Standard number or code 5730
Source of number or code RSN (alt)
040 ## - CATALOGING SOURCE
Transcribing agency OSt
110 2# - MAIN ENTRY--CORPORATE NAME
Corporate name or jurisdiction name as entry element La documentation Francaise - Secretariat General du Gouvernement
245 00 - TITLE STATEMENT
Title Le Courrier des Pays de l'Est
260 ## - PUBLICATION, DISTRIBUTION, ETC.
Place of publication, distribution, etc. Paris :
Name of publisher, distributor, etc. La documentation Francaise.
866 #0 - TEXTUAL HOLDINGS--BASIC BIBLIOGRAPHIC UNIT
-- 1997/416 - 2008/1067
942 ## - ADDED ENTRY ELEMENTS (KOHA)
Koha item type Journal
Holdings
Withdrawn status Lost status Damaged status Not for loan Home library Current library Shelving location Date acquired Inventory number Total Checkouts Barcode Date last seen Price effective from Koha item type
        WIIW WIIW Library 08/04/2004 5730   10000978 01/26/2017 01/26/2017 Journal
The Vienna Instiute for International Economic Studies (wiiw)